An economic study of cover crops in rubber small holdings (Record no. 49701)

MARC details
000 -LEADER
fixed length control field 00356nam a2200133Ia 4500
100 ## - MAIN ENTRY--AUTHOR NAME
Personal name Rajasekharan P.
245 #3 - TITLE STATEMENT
Title An economic study of cover crops in rubber small holdings
260 ## - PUBLICATION, DISTRIBUTION, ETC. (IMPRINT)
Name of publisher Rubber Board Bulletin
Year of publication 1990
300 ## - PHYSICAL DESCRIPTION
Number of Pages 21-24
650 ## - SUBJECT ADDED ENTRY--TOPICAL TERM
Topical Term Cover crop
650 ## - SUBJECT ADDED ENTRY--TOPICAL TERM
Topical Term Smallholdings
942 ## - ADDED ENTRY ELEMENTS (KOHA)
Koha item type Bibliography STAF
Holdings
Withdrawn status Lost status Damaged status Not for loan Home library Current library Shelving location Date acquired Serial Enumeration / chronology Koha item type
      Bibliography RRII Library RRII Library Economics 09/04/2014 Volume 25, Issue 3 Bibliography STAF